Statistiques concernant Dirigeants africains du XXème siècle par images

Cliquez ici pour prendre le quiz!

Statistiques générales

  • Ce quiz a été pris 45 fois
  • Le résultat moyen est 11 sur 20

Statistiques - réponses

Réponse% Correct
Nelson Mandela
100%
Mouammar Kadhafi
90%
Gamal Abdel Nasser
85%
Hassan II
74%
Mobutu Sese Seko
74%
Thomas Sankara
59%
Hailé-Sélassié
56%
Idi Amin Dada
56%
Houari Boumédiène
54%
Jean-Bedel Bokassa
54%
Patrice Lumumba
54%
Zine el-Abidine Ben Ali
51%
Leopold Sédar Senghor
46%
Robert Mugabe
46%
Mohammed V
44%
Paul Biya
44%
Félix Houphouët-Boigny
36%
Abdelkrim al-Khattabi
26%
Teodoro Obiang Nguema Mbassogo
18%
Mathieu Kérékou
10%

Distribution des résultats

Percentile par nombre de réponses

% des personnes avec chaque résultat

Votre développement - résultats

Vous n’avez pas pris ce quiz